00410nam a2200133Ia 4500008004100000082001800041100004100059245006100100260003900161300001500200520001000215650002800225700002300253230907s9999||||xx |||||||||||||| ||und|| a621.3815bASA aAsad Nawaz (NUST201463532MCES64114F) 0aDesign of a repetitive controller for matrix converter / aUSPCAS-E, NUST,bIslamabad :c2016 av, 57 p. : aTH-50 aMS-ESE Thesis MS Thesis aDr Muhammad Zubair